Lousy Two-Bit Blitz Quiz Stats

 Plays Quiz Updated Sep 11, 2012

Challenge
Share
Tweet
Embed
Score 0/60 Timer 01:00
2 Plays Today
Words Legal Word % Correct
ID???
94.1%
IJ???
92.1%
IH???
91.3%
II???
91.3%
IK???
90.8%
IG???
89.8%
ED???
89.6%
IE???
88.6%
IP???
88%
ET???
87.9%
IL???
86.5%
EJ???
84.2%
IM???
83.5%
IC???
81.8%
UT???
81.7%
EV???
81.1%
MU???
80.8%
EU???
80.1%
IA???
79.7%
EI???
79.1%
EO???
79.1%
EK???
79%
EZ???
78.9%
IB???
77.1%
EY???
75.9%
EC???
75.8%
EG???
75.6%
EQ???
74.9%
UJ???
74.9%
WO???
74.6%
Words Legal Word % Correct
EE???
73.6%
EP???
72.6%
UO???
71.2%
UI???
71%
KU???
68.7%
PU???
66.7%
BU???
66.4%
UB???
66%
EB???
65.9%
GU???
65.8%
DU???
65.7%
UQ???
64%
FU???
63.8%
XO???
63.6%
TU???
63.3%
QO???
63.1%
HU???
62.9%
UK???
61.6%
UD???
61.3%
UL???
60.3%
EW???
60%
LU???
59.6%
VO???
55.8%
UG???
53.8%
KO???
53.2%
IO???
52.7%
FO???
51.1%
CO???
38.5%
RO???
38.4%
PO???
31.9%

You're not logged in!

Compare scores with friends on all Sporcle quizzes.
OR
Log In

You Might Also Like...

Show Comments

Extras

Top Quizzes Today


Score Distribution

Your Account Isn't Verified!

In order to create a playlist on Sporcle, you need to verify the email address you used during registration. Go to your Sporcle Settings to finish the process.

Report this User

Report this user for behavior that violates our Community Guidelines.

Details: